Mughal Rule in India/ (Record no. 215167)
[ view plain ]
| 000 -LEADER | |
|---|---|
| fixed length control field | 00574nam a22001937a 4500 |
| 005 - DATE AND TIME OF LATEST TRANSACTION | |
| control field | 20260301155418.0 |
| 010 ## - LCCN (DPL NO) | |
| LC control number | BACEN26 |
| 020 ## - INTERNATIONAL STANDARD BOOK NUMBER | |
| International Standard Book Number | 9788126944026 |
| Terms of availability | 1195.00 |
| 037 ## - SOURCE OF ACQUISITION | |
| Source of stock number/acquisition | Peacock |
| 082 ## - DEWEY DECIMAL CLASSIFICATION NUMBER | |
| Classification number | 954 |
| 100 ## - MAIN ENTRY--PERSONAL NAME | |
| Personal name | Edwardes, S.M. |
| 245 00 - TITLE STATEMENT | |
| Title | Mughal Rule in India/ |
| Statement of responsibility, etc | S.M. Edwardes [and] H.L.O Garrett |
| 250 ## - EDITION STATEMENT | |
| Edition statement | 1 |
| 260 ## - PUBLICATION, DISTRIBUTION, ETC. (IMPRINT) | |
| Place of publication, distribution, etc | New Delhi |
| Name of publisher, distributor, etc | Atlantic publishers |
| Date of publication, distribution, etc | 2026 |
| 270 ## - ADDRESS | |
| Address | 7/22, Ansari road,Daryaganj |
| City | New Delhi |
| Postal code | 110002 |
| 300 ## - PHYSICAL DESCRIPTION | |
| Extent | 374p. |
| Dimensions | 22cm(pb) |
| 700 ## - ADDED ENTRY--PERSONAL NAME | |
| Personal name | Garrett, H.L.O |
| Relator term | Author |
| 9 (RLIN) | 87754 |
| 942 ## - ADDED ENTRY ELEMENTS (KOHA) | |
| Source of classification or shelving scheme | Dewey Decimal Classification |
| Item type | English Books |
| Call number suffix | EDW |
| Classification part | 954 |
No items available.
